HSV Liga 2 Torschützen - Statistiken

Allgemein
  • Dieses Quiz wurde 375 mal gespielt
    282 seit der letzten Aktualisierung
  • Das Durchschnittsergebnis liegt bei 29 aus 60
Antwortstatistiken
Tore Name % Korrekt
70 Robert Glatzel
99%
11 Davie Selke
96%
11 Jean-Luc Dompe
91%
25 Bakery Jatta
89%
17 Ludovit Reis
86%
8 Miro Muheim
86%
19 Ransford Königsdörffer
85%
5 Sebastian Schonlau
85%
34 Sonny Kittel
79%
24 Simon Terodde
78%
3 Jonas Meffert
76%
13 Pierre-Michel Lasogga
76%
1 Otto Stange
69%
17 Aaron Hunt
65%
19 Laszlo Benes
64%
3 Immanuel Pherai
62%
1 Emir Sahiti
60%
1 Fiete Arp
57%
4 Lewis Holtby
57%
13 Moritz Heyer
57%
3 Mario Vuskovic
55%
2 Adam Karabec
54%
2 Dennis Hadzikadunic
54%
5 Tim Leibold
52%
9 Lukas Hinterseer
51%
2 Daniel Elfadli
49%
1 Marco Richter
47%
2 Rick van Drongelen
46%
11 David Kinsombi
44%
3 Lukasz Poreba
44%
1 Douglas Santos
42%
1 Jonas David
42%
11 Khaled Narey
42%
1 Bobby Wood
41%
1 Noah Katterbach
41%
2 Amadou Onana
39%
5 Josha Vagnoman
39%
1 Adrian Fein
36%
9 Joel Pohjanpalo
36%
8 Manuel Wintzheimer
36%
1 Gideon Jung
35%
1 Gui Ramos
35%
1 Toni Leistner
35%
2 Anssi Suhonen
34%
5 Jeremy Dudziak
34%
2 Andras Nemeth
32%
1 David Bates
32%
2 Mikkel Kaufmann
29%
1 Tommy Doyle
29%
2 Faride Alidou
27%
1 Tom Sanne
27%
3 Martin Harnik
26%
2 Hee-Chan Hwang
25%
1 Berkay Özcan
22%
2 Timo Letschert
22%
1 Leo Lacroix
21%
1 Filip Bilbija
20%
1 Jairo
19%
1 Giorgi Chakvetadze
18%
3 Robin Meißner
18%
Keine übereinstimmenden Quizze gefunden
Verteilung der Resultate
Anzahl Personen mit jedem Resultat
Perzentil nach korrekt beantworteten Fragen
Ihre Resultats-Entwicklung
Sie haben dieses Quiz seit der letzten Aktualisierung nicht gespielt